Lou ! Quiz BD Julien Neel - Statistiques

Statistiques générales
  • Ce quiz a été pris 106 fois
  • Le résultat moyen est 7 sur 15
Statistiques - réponses
Question Réponse % Correct
Meilleure amie de Lou Mina
94%
Village où habite sa grand-mère Mortebouse
89%
Nom de la pizzeria Gino
70%
Objet(s) volé(s) par son père Bottes
51%
Titre du tome 6 L'âge de cristal
51%
Médecin mortebousien Clément Fifrelin
49%
Remplace l'immeuble de Tristan Cimetière des autobus
46%
Âme soeur de Karine Mr Juice
43%
Personnage de Sidéra, inspiré par un charmant voisin Fulgor
40%
Amazone fière et sculpturale Sidéra
32%
Chien guide spirituel de Lou Philippe
28%
Visionnaire de génie ou brillant escroc ? (Il n'en existe qu'une seule photo) Arcimboldo Parmentier
24%
La mère de Lou est traductrice de Syldave
21%
Ecrivain préféré de Lou Boris Vian
12%
On peut l'entendre beler les nuits de pleine lune Gilet en mouton mort
6%
Aucun quiz correspondant
Distribution des résultats
% des personnes avec chaque résultat
Percentile par nombre de réponses
Votre historique - résultats
Vous n’avez pas pris ce quiz